[Event "Eastpointe (EDO/1/20)"]
[Site "?"]
[Date "1996.??.??"]
[Round "?"]
[White "Cooper, A."]
[Black "Thurman, John"]
[Result "0-1"]
[WhiteElo "1605"]
[BlackElo "1730"]
[PlyCount "56"]
[EventDate "1996.??.??"]

{1/(20)} 1. d4 Nf6 2. Nf3 e6 3. Bg5 c5 4. e3 d5 5. c3 Nbd7 6. Bd3 Be7 7. Nbd2
O-O 8. O-O b6 9. e4 dxe4 10. Nxe4 Bb7 11. Nxf6+ Nxf6 12. Re1 cxd4 13. Nxd4 Qd5
14. Nf3 Rfd8 15. Bc2 Qc5 16. Qe2 Bxf3 17. Qxf3 Qxg5 18. Bb3 Nd5 19. Re4 Nf6 20.
Rd4 Rac8 21. Re1 Rxd4 22. cxd4 Rc1 23. Rxc1 Qxc1+ 24. Bd1 Nd5 25. Qb3 Qd2 26.
g3 Qxd4 27. a3 Bc5 28. Qc2 Nf6 $138 0-1

[Event "Eastpointe (EDO/5/24)"]
[Site "?"]
[Date "1996.??.??"]
[Round "?"]
[White "Cooper, A."]
[Black "Montgomery, D."]
[Result "1-0"]
[WhiteElo "1605"]
[BlackElo "1605"]
[PlyCount "56"]
[EventDate "1996.??.??"]

{5/(24)} 1. d4 Nf6 2. Nf3 g6 3. Bg5 Bg7 4. Nbd2 O-O 5. c3 d6 6. e4 Nbd7 7. Bd3
e5 8. Qc2 c5 9. dxc5 dxc5 10. O-O a6 11. a4 b6 12. Rfe1 Bb7 13. b4 cxb4 14.
cxb4 Rc8 15. Qb3 Qc7 16. Rac1 Bc6 17. Bxa6 Ra8 18. Bb5 Nb8 19. Re3 Rc8 20. Bxc6
Nxc6 21. Rec3 Qb7 22. Qc2 h6 23. Bh4 g5 24. Bg3 g4 25. Nxe5 Nh5 26. Rxc6 Rxc6
27. Nxc6 Nxg3 28. hxg3 Rxa4 1-0

[Event "Eastpointe (EDO/3/18)"]
[Site "?"]
[Date "1996.??.??"]
[Round "?"]
[White "Cooper, A."]
[Black "Melton, J."]
[Result "0-1"]
[WhiteElo "1605"]
[BlackElo "1605"]
[PlyCount "131"]
[EventDate "1996.??.??"]

{3/(18)} 1. d4 d5 2. Nf3 Nf6 3. Bf4 e6 4. e3 Bd6 5. Bxd6 Qxd6 6. Bd3 Nbd7 7.
Nbd2 c5 8. c3 c4 9. Bc2 e5 10. dxe5 Nxe5 11. Nxe5 Qxe5 12. Nf3 Qe7 13. O-O Bg4
14. Ba4+ Nd7 15. Qxd5 O-O 16. Bxd7 Bxd7 17. Rad1 Rad8 18. Qxb7 Qe8 19. Qc7 Bg4
20. Qf4 Bxf3 21. Qxf3 Rb8 22. Rb1 Qe6 23. Rfd1 Rb6 24. Qd5 Qc8 25. Rd2 h6 26.
Rbd1 Qb8 27. Qxc4 Rxb2 28. Rxb2 Qxb2 29. Kf1 Qc2 30. Qb3 Qf5 31. Qd5 Qc2 32.
Qb3 Qf5 33. c4 Qe5 34. g3 Rb8 35. Qd3 Qb2 36. Qd2 Qa3 37. Qd5 Qxa2 38. Rd2 Qb3
39. Rd3 Qa4 40. c5 Rb1+ 41. Kg2 Rc1 42. Qd4 Qb5 43. Rd1 Rxc5 44. Ra1 a5 45.
Qd8+ Kh7 46. Qa8 Rf5 47. Qe4 g6 48. g4 Re5 49. Qf3 Qc4 50. Qf6 Qd5+ 51. Qf3 Qe6
52. Qa8 Qxg4+ 53. Kf1 Qc4+ 54. Kg2 Rg5+ 55. Kh1 Qc3 56. Rd1 Qc2 57. Qf3 Kg7 58.
e4 a4 59. Rd7 Qc1+ 60. Rd1 Qb2 61. Rd7 Qb1+ 62. Rd1 Qb5 63. Qd3 Qa5 64. h4 Rh5
65. Qd4+ Kh7 66. e5 0-1

[Event "Detroit (Class A/4/7)"]
[Site "?"]
[Date "1996.??.??"]
[Round "?"]
[White "Conlon, Russell"]
[Black "Williams, Ron"]
[Result "1-0"]
[WhiteElo "1875"]
[BlackElo "1925"]
[PlyCount "47"]
[EventDate "1996.??.??"]

{4/(7)} 1. d4 Nf6 2. Nc3 d5 3. e4 dxe4 4. f3 e5 5. dxe5 Qxd1+ 6. Kxd1 Nfd7 7.
Nd5 Kd8 8. Bg5+ f6 9. exf6 gxf6 10. Nxf6 Bd6 11. Nxe4+ Ke8 12. Nxd6+ cxd6 13.
Bf4 d5 14. Kd2 Nc6 15. Re1+ Kf7 16. Nh3 h6 17. Nf2 Nf6 18. Nd3 Bf5 19. Ne5+ Kg7
20. Nxc6 bxc6 21. Re7+ Kf8 22. Bd6 Ne8 23. Rxa7+ Nxd6 24. Rxa8+ 1-0

[Event "Detroit (Class A/1/7)"]
[Site "?"]
[Date "1996.??.??"]
[Round "?"]
[White "Conlon, Russell"]
[Black "Vandivier, Don"]
[Result "1-0"]
[WhiteElo "1875"]
[BlackElo "1940"]
[PlyCount "37"]
[EventDate "1996.??.??"]

{1/(7)} 1. d4 Nf6 2. Nc3 d5 3. e4 dxe4 4. f3 exf3 5. Nxf3 Bg4 6. h3 Bxf3 7.
Qxf3 c6 8. Qf2 e6 9. Bd3 Be7 10. O-O O-O 11. Qh4 Nbd7 12. Bg5 g6 13. Ne4 Nd5
14. c4 Bxg5 15. Nxg5 N5f6 16. Qh6 Re8 17. Nxf7 Kxf7 18. Qxh7+ Kf8 19. Bxg6 1-0

[Event "Detroit (MI Team/2/2/4)"]
[Site "?"]
[Date "1996.??.??"]
[Round "?"]
[White "Conlon, Russell"]
[Black "Sobocinski, Mike"]
[Result "1-0"]
[WhiteElo "1905"]
[BlackElo "1995"]
[PlyCount "107"]
[EventDate "1996.??.??"]

{2/2} 1. d4 d5 2. c4 e6 3. cxd5 exd5 4. Nc3 Nf6 5. Bg5 Be7 6. e3 Bf5 7. Bxf6
Bxf6 8. Bd3 Bxd3 9. Qxd3 c6 10. Nf3 O-O 11. O-O Re8 12. b4 Nd7 13. Rab1 Rc8 14.
Rfc1 Nb6 15. Nd2 Qd7 16. a4 Qg4 17. a5 Nd7 18. b5 Nf8 19. a6 b6 20. bxc6 Qe6
21. Nb5 Re7 22. c7 Qd7 23. Nxa7 Rxc7 24. Nb5 Rc8 25. Rxc8 Qxc8 26. a7 Qa6 27.
Qc3 Rxa7 28. Nxa7 Qxa7 29. Qb3 Qa5 30. Nf3 Bd8 31. Ne5 Bc7 32. Nc6 Qa8 33. Ne7+
Kh8 34. Nxd5 Qd8 35. Nxc7 Qxc7 36. Qxb6 Qe7 37. d5 h6 38. d6 Qe4 39. Rd1 Qa4
40. Qd4 Qd7 41. h3 Ne6 42. Qd5 Kg8 43. f4 Qa7 44. Qf3 Qd7 45. f5 Nd8 46. Qd5
Kf8 47. Rc1 f6 48. Rc7 Qe8 49. Re7 Qc6 50. Qxc6 Nxc6 51. Rc7 Nd8 52. Kf1 Ke8
53. Rxg7 Nf7 54. d7+ 1-0

[Event "Kalamazoo (MI Am/2/4)"]
[Site "?"]
[Date "1996.??.??"]
[Round "?"]
[White "Conlon, Russell"]
[Black "Griffin, John"]
[Result "1-0"]
[WhiteElo "1905"]
[BlackElo "1605"]
[PlyCount "119"]
[EventDate "1996.??.??"]

{2/(4)} 1. d4 Nf6 2. c4 e6 3. Nf3 b6 4. a3 Bb7 5. Nc3 Ne4 6. Nxe4 Bxe4 7. Nd2
Bb7 8. e4 c5 9. d5 exd5 10. exd5 Be7 11. Bd3 d6 12. Qg4 g6 13. O-O Nd7 14. f4
Nf6 15. Qe2 O-O 16. Bc2 Re8 17. Ba4 Nd7 18. Qd3 Bf8 19. Nf3 Re7 20. Bd2 Nf6 21.
Rae1 Bc8 22. Rxe7 Bxe7 23. Qe2 Bd7 24. Bc2 Qf8 25. f5 Re8 26. fxg6 Bd8 27.
gxh7+ Kh8 28. Qd3 Ne4 29. Bc3+ Nxc3 30. Qxc3+ Qg7 31. Qxg7+ Kxg7 32. h3 f5 33.
Nh2 Kxh7 34. Bxf5+ Bxf5 35. Rxf5 Kg6 36. g4 Re1+ 37. Rf1 Re2 38. Rf2 Re3 39.
Kg2 Bf6 40. Nf1 Rb3 41. Nd2 Rxb2 42. Ne4 Rxf2+ 43. Kxf2 Be5 44. a4 Bd4+ 45. Kf3
Be5 46. h4 Kh6 47. Ng3 Kg6 48. Nf5 Kf6 49. Ke4 Kf7 50. g5 Bh2 51. h5 Be5 52.
Nh6+ Ke7 53. Kf5 a6 54. Ng4 Bd4 55. g6 b5 56. cxb5 axb5 57. axb5 c4 58. Ke4 c3
59. Kd3 Kf8 60. h6 1-0

[Event "Detroit (Class A/3/7)"]
[Site "?"]
[Date "1996.??.??"]
[Round "?"]
[White "Conlon, Russell"]
[Black "Golonka, Stan"]
[Result "1/2-1/2"]
[WhiteElo "1875"]
[BlackElo "1975"]
[PlyCount "62"]
[EventDate "1996.??.??"]

{3/(7)} 1. d4 c5 2. d5 e5 3. c4 d6 4. Nc3 f5 5. e4 f4 6. Bd3 Nf6 7. Bd2 g5 8.
Qc2 Be7 9. O-O-O Nbd7 10. f3 Nf8 11. Kb1 Ng6 12. Nge2 Bd7 13. g3 Nh5 14. Ka1 a5
15. a4 b6 16. g4 Ng7 17. Nc1 Qc7 18. Be2 O-O-O 19. Nd3 Rdf8 20. Nf2 Qd8 21. h3
Qe8 22. b3 Kb7 23. Qd3 Qd8 24. Rdg1 Bf6 25. Bd1 Ne8 26. Qf1 Nc7 27. Qd3 Na6 28.
Nb5 Be7 29. Be2 Nb8 30. Qb1 Nh4 31. Nd1 Qe8 1/2-1/2

[Event "Detroit (MI Team/3/1/4)"]
[Site "?"]
[Date "1996.??.??"]
[Round "?"]
[White "Conlon, Russell"]
[Black "Djordjevic, B."]
[Result "0-1"]
[WhiteElo "1905"]
[BlackElo "2140"]
[PlyCount "84"]
[EventDate "1996.??.??"]

{3/1} 1. d4 Nf6 2. c4 e6 3. Nf3 Bb4+ 4. Bd2 Bxd2+ 5. Nbxd2 d5 6. g3 O-O 7. Bg2
Nbd7 8. O-O Re8 9. Qc2 c6 10. Rfe1 Nf8 11. e4 Ng6 12. Rac1 dxe4 13. Nxe4 Nxe4
14. Qxe4 Qa5 15. d5 Bd7 16. d6 Qxa2 17. Qd4 Qb3 18. h4 e5 19. Nxe5 Nxe5 20.
Rxe5 Rxe5 21. Qxe5 Re8 22. Qc3 Qxc3 23. Rxc3 Re1+ 24. Kh2 Re2 25. Re3 Rxe3 26.
fxe3 b6 27. b4 Kf8 28. Kg1 Ke8 29. Kf2 c5 30. b5 Be6 31. Bc6+ Kd8 32. e4 Bxc4
33. e5 f6 34. Ke3 fxe5 35. Ke4 a6 36. bxa6 Bxa6 37. Kxe5 Bc4 38. Ke4 b5 39. Ke3
b4 40. Kd2 Bf7 41. Ke1 h6 42. Ke2 Be8 0-1

[Event "Detroit (Class C/2/14)"]
[Site "?"]
[Date "1996.??.??"]
[Round "?"]
[White "Conlon, G."]
[Black "Haygood, Norman"]
[Result "0-1"]
[WhiteElo "1605"]
[BlackElo "1605"]
[PlyCount "86"]
[EventDate "1996.??.??"]

{2/(14)} 1. d4 c6 2. Nf3 d5 3. Bf4 Nf6 4. e3 Bg4 5. Be2 e6 6. Nbd2 c5 7. c3 Nc6
8. h3 Bf5 9. O-O cxd4 10. exd4 Be7 11. Ne5 Nxe5 12. dxe5 Nd7 13. Nf3 O-O 14.
Nd4 Bg6 15. Bg4 Qb6 16. Qd2 Nc5 17. Be2 Ne4 18. Qc1 a6 19. Be3 Qc7 20. Nf3 Rac8
21. Bd4 b5 22. Qe3 Qb7 23. Rfc1 Rc6 24. Bd3 h6 25. Qe2 Rfc8 26. Nd2 Nxd2 27.
Qxd2 Bxd3 28. Qxd3 b4 29. f4 bxc3 30. bxc3 Bc5 31. Qd2 Qa7 32. Kh2 Bxd4 33.
cxd4 Rxc1 34. Rxc1 Rxc1 35. Qxc1 Qxd4 36. Qc8+ Kh7 37. Qxa6 Qxf4+ 38. Kh1 Qxe5
39. Qf1 f5 40. a4 d4 41. Qb5 Qxb5 42. axb5 d3 43. b6 d2 0-1

[Event "Detroit (Class C/4/15)"]
[Site "?"]
[Date "1996.??.??"]
[Round "?"]
[White "Conlon, G."]
[Black "Gibbs, Tony"]
[Result "0-1"]
[WhiteElo "1605"]
[BlackElo "1605"]
[PlyCount "71"]
[EventDate "1996.??.??"]

{4/(15)} 1. e4 e5 2. Bc4 Nf6 3. d3 Bc5 4. Nc3 c6 5. Bg5 d5 6. exd5 cxd5 7. Nxd5
Be7 8. Nxf6+ Bxf6 9. Bxf6 Qxf6 10. Nf3 Bg4 11. Bxf7+ Kxf7 12. Qe2 Re8 13. Qe4
Bxf3 14. gxf3 Nc6 15. c3 g6 16. O-O-O Kg7 17. h4 Re7 18. Rdg1 Qf4+ 19. Kc2 Qxe4
20. fxe4 h5 21. Rg5 Rf8 22. Rhg1 Rxf2+ 23. Kb3 Re6 24. Rxh5 Nd8 25. Rhg5 Nf7
26. R5g3 Rh2 27. Kc4 Rxh4 28. b4 Rc6+ 29. Kb3 b5 30. c4 bxc4+ 31. dxc4 Rxe4 32.
Rc1 Nd6 33. c5 Nb5 34. Kb2 Rxb4+ 35. Rb3 Rxb3+ 36. axb3 0-1

[Event "Howell (US Am N/1/45)"]
[Site "?"]
[Date "1996.??.??"]
[Round "?"]
[White "Collins, Michael"]
[Black "Hoskins, M."]
[Result "0-1"]
[WhiteElo "1605"]
[BlackElo "1610"]
[PlyCount "92"]
[EventDate "1996.??.??"]

{1/(45)} 1. e4 Nf6 2. e5 Nd5 3. Nc3 Nxc3 4. dxc3 g6 5. g3 d6 6. Nf3 Bg7 7. Bg2
O-O 8. Bf4 Nc6 9. Qe2 Bg4 10. exd6 cxd6 11. Qd3 Rc8 12. O-O-O Re8 13. h4 Na5
14. Bh3 Bxh3 15. Rxh3 e5 16. Be3 e4 17. Qd2 Nc4 18. Qe1 exf3 19. Rd3 Bh6 20. g4
Bxe3+ 21. fxe3 Qb6 22. b3 Nxe3 23. Rxf3 Nxg4 24. Qg3 Ne5 25. Qf4 Nxf3 26. Rxf3
Re7 27. h5 d5 28. hxg6 fxg6 29. Qh4 Qe6 30. Rf6 Qe1+ 31. Qxe1 Rxe1+ 32. Kb2
Rce8 33. Rd6 R1e5 34. Rd7 R8e7 35. Rxe7 Rxe7 36. a4 h5 37. c4 dxc4 38. bxc4 Re3
39. c3 h4 40. Kb3 h3 41. Kb4 h2 42. a5 a6 43. Kc5 Rxc3 44. Kb6 Rxc4 45. Kxb7
h1=Q+ 46. Kxa6 Rb4 0-1

[Event "Eastpointe (EDO/3/15)"]
[Site "?"]
[Date "1996.??.??"]
[Round "?"]
[White "Collins, Charles"]
[Black "Wensink, E."]
[Result "1-0"]
[WhiteElo "1700"]
[BlackElo "1605"]
[PlyCount "69"]
[EventDate "1996.??.??"]

{3/(15)} 1. d4 d5 2. c4 e6 3. g3 Nc6 4. Bg2 Nf6 5. Nf3 Be7 6. O-O O-O 7. Nbd2
b6 8. a3 a5 9. Qc2 Bb7 10. Rd1 Ba6 11. b3 Bb7 12. Bb2 Rb8 13. Rac1 Qd7 14. h3
Rfe8 15. Ne5 Qc8 16. cxd5 Nxe5 17. dxe5 Nxd5 18. e4 Ne3 19. fxe3 c6 20. Nc4 Qc7
21. Nd6 Red8 22. Nxb7 Rxd1+ 23. Rxd1 Qxb7 24. Rd3 c5 25. Qd2 Kf8 26. Rd7 Qc6
27. Kh2 Ke8 28. Rd3 Ra8 29. a4 b5 30. axb5 Qxb5 31. Qc2 a4 32. bxa4 Rxa4 33.
Rb3 Qc6 34. Bf1 Ra2 35. Bb5 1-0

[Event "Eastpointe (EDO/5/5)"]
[Site "?"]
[Date "1996.??.??"]
[Round "?"]
[White "Collins, Charles"]
[Black "Morabito, Matthew"]
[Result "0-1"]
[WhiteElo "1700"]
[BlackElo "1905"]
[PlyCount "60"]
[EventDate "1996.??.??"]

{5/(5)} 1. d4 Nf6 2. c4 g6 3. Nc3 Bg7 4. e4 d6 5. f3 O-O 6. Be3 Nbd7 7. Qd2 e5
8. d5 Nh5 9. O-O-O f5 10. Bg5 Bf6 11. Bxf6 Qxf6 12. g4 fxg4 13. fxg4 Nf4 14.
Nge2 Nc5 15. Nxf4 Qxf4 16. Be2 Bxg4 17. Bxg4 Qxg4 18. Rdf1 Nxe4 19. Nxe4 Qxe4
20. b3 Rxf1+ 21. Rxf1 Rf8 22. Rxf8+ Kxf8 23. Kb2 Qd4+ 24. Qxd4 exd4 25. Kc2 c5
26. dxc6 bxc6 27. b4 c5 28. b5 Ke7 29. Kd3 Kd7 30. a4 Kc7 0-1

[Event "Eastpointe (EDO/1/23)"]
[Site "?"]
[Date "1996.??.??"]
[Round "?"]
[White "Collins, Charles"]
[Black "Jamssens, M."]
[Result "1-0"]
[WhiteElo "1700"]
[BlackElo "1605"]
[PlyCount "95"]
[EventDate "1996.??.??"]

{1/(23)} 1. d4 e6 2. c4 Nf6 3. g3 d5 4. Bg2 Be7 5. Nf3 Nc6 6. O-O O-O 7. Nbd2
b6 8. a3 a5 9. Qc2 h6 10. cxd5 exd5 11. Qxc6 Bd7 12. Qc2 Bd6 13. Ne5 Re8 14.
Ndf3 Ng4 15. Nxd7 Qxd7 16. h3 Nf6 17. Ne5 Bxe5 18. dxe5 Rxe5 19. Bf4 Re7 20.
Rac1 Rc8 21. Rfd1 c6 22. e4 Nxe4 23. Bxe4 Rxe4 24. Qxe4 Qxh3 25. Qg2 Qd7 26. b4
axb4 27. axb4 d4 28. Qe4 c5 29. bxc5 bxc5 30. Qe5 g5 31. Bxg5 hxg5 32. Qxg5+
Kf8 33. Rxc5 Rxc5 34. Qxc5+ Kg8 35. Rxd4 Qe6 36. Qg5+ Qg6 37. Rd8+ Kg7 38. Qe5+
Qf6 39. Rg8+ Kxg8 40. Qxf6 Kf8 41. Kg2 Ke8 42. Kf3 Kf8 43. Kf4 Kg8 44. Kf5 Kf8
45. Qd6+ Ke8 46. Qc7 Kf8 47. Kf6 Ke8 48. Qe7# 1-0

[Event "Detroit (Class B/1/14)"]
[Site "?"]
[Date "1996.??.??"]
[Round "?"]
[White "Collins, Charles"]
[Black "Foord, Allan"]
[Result "0-1"]
[WhiteElo "1715"]
[BlackElo "1615"]
[PlyCount "92"]
[EventDate "1996.??.??"]

{1/(14)} 1. c4 Nf6 2. d4 g6 3. Nc3 d5 4. Nf3 Bg7 5. cxd5 Nxd5 6. e4 Nxc3 7.
bxc3 c5 8. Be3 O-O 9. Bc4 Nc6 10. O-O cxd4 11. cxd4 Bg4 12. Rb1 Qc7 13. Qe2
Nxd4 14. Bxd4 Bxd4 15. Rfc1 Qb8 16. Bd5 Bb6 17. a4 e6 18. Bxb7 Qxb7 19. a5
Bxf2+ 20. Kxf2 Qd7 21. h3 Bxf3 22. Qxf3 Qd2+ 23. Kg3 Qxa5 24. Rb7 Qe5+ 25. Kf2
f5 26. Ke3 fxe4 27. Qxe4 Qxe4+ 28. Kxe4 Rf7 29. Rcc7 Rxc7 30. Rxc7 a5 31. Ke5
Ra6 32. Kf6 Ra8 33. Kxe6 a4 34. Rc2 a3 35. Ra2 Kg7 36. Ke5 Ra5+ 37. Ke4 Kf6 38.
g4 h6 39. Kf3 Ke5 40. Ke3 Ra4 41. Kf3 Kd4 42. Kf4 Kc3+ 43. Ke5 Kb3 44. Rf2 Ra5+
45. Ke4 a2 46. Rf3+ Kc4 0-1

[Event "Detroit (MEX/4/8)"]
[Site "?"]
[Date "1996.??.??"]
[Round "?"]
[White "Cole, D."]
[Black "Moody, David"]
[Result "1-0"]
[WhiteElo "2045"]
[BlackElo "2000"]
[PlyCount "25"]
[EventDate "1996.??.??"]

{4/(8)} 1. e4 e5 2. Nf3 Nc6 3. Bb5 a6 4. Ba4 Nf6 5. O-O Be7 6. Re1 b5 7. Bb3
O-O 8. c3 d5 9. d4 exd4 10. exd5 Nxd5 11. Nxd4 Bb7 12. Nf5 Qd7 13. Qxd5 1-0

[Event "Detroit (MEX/1/5)"]
[Site "?"]
[Date "1996.??.??"]
[Round "?"]
[White "Cole, D."]
[Black "Gabbara, Faris"]
[Result "1-0"]
[WhiteElo "2045"]
[BlackElo "2200"]
[PlyCount "77"]
[EventDate "1996.??.??"]

{1/(5)} 1. e4 e5 2. Nf3 Nf6 3. d4 Nxe4 4. Bd3 Nc6 5. dxe5 d5 6. h3 Be7 7. Bf4
Nc5 8. Nc3 Nb4 9. Be2 Ne6 10. Be3 c5 11. a3 d4 12. axb4 dxe3 13. Qxd8+ Bxd8 14.
b5 exf2+ 15. Kxf2 O-O 16. Rhd1 f6 17. Kg1 Nd4 18. Bc4+ Kh8 19. Nxd4 cxd4 20.
Ne4 fxe5 21. Nd6 g6 22. Nf7+ Kg7 23. Nxe5 Bb6 24. Bd3 Bf5 25. Ra3 Rac8 26. Bxf5
Rxf5 27. Nd7 Rxc2 28. Nxb6 axb6 29. Rxd4 Rxb5 30. b4 Rb2 31. Ra7 R5xb4 32.
Rxb7+ Kh6 33. Rdd7 R4b3 34. Rxh7+ Kg5 35. Kh2 b5 36. Rb6 Rf2 37. h4+ Kf4 38.
Rf7+ Ke3 39. Re6+ 1-0

[Event "Ann Arbor (Ann Arbor Open, Open/1)"]
[Site "?"]
[Date "1996.??.??"]
[Round "?"]
[White "Cole, C."]
[Black "Marson, Michael"]
[Result "1-0"]
[WhiteElo "2100"]
[BlackElo "1655"]
[PlyCount "105"]
[EventDate "1996.??.??"]

1. e4 e6 2. Qe2 c5 3. g3 Nc6 4. Nf3 Be7 5. Bg2 d5 6. d3 dxe4 7. dxe4 e5 8. c3
Nf6 9. O-O O-O 10. Nbd2 Bg4 11. a4 Qc7 12. Nc4 Rad8 13. Bg5 h6 14. Bxf6 Bxf6
15. Ne3 Be6 16. h4 Ne7 17. Nd2 Rd7 18. Ndc4 Rfd8 19. Rfd1 a6 20. Rxd7 Rxd7 21.
Rd1 g6 22. Kh2 Rxd1 23. Qxd1 Qd7 24. Bf1 Qxd1 25. Nxd1 b5 26. axb5 axb5 27. Nd6
b4 28. Nb7 Bb3 29. Ne3 bxc3 30. bxc3 g5 31. Nxc5 Ba2 32. Nd7 Bg7 33. hxg5 hxg5
34. Bc4 Bxc4 35. Nxc4 Nc6 36. Kh3 f6 37. Nd6 Kh7 38. Kg4 Kg6 39. c4 Nd4 40. c5
Nc6 41. Nf5 Kf7 42. Kh5 Nd8 43. Nxg7 Kxg7 44. Nb8 Ne6 45. c6 Nc7 46. Nd7 Kf7
47. Nb6 Nb5 48. Nd5 Nd6 49. c7 Nc8 50. Kh6 Ke6 51. g4 Kf7 52. Kh7 Ke6 53. Kg6
1-0

[Event "Howell (US Am N/6/3)"]
[Site "?"]
[Date "1996.??.??"]
[Round "?"]
[White "Clark, K."]
[Black "Townsend, Paul"]
[Result "1-0"]
[WhiteElo "2055"]
[BlackElo "1870"]
[PlyCount "121"]
[EventDate "1996.??.??"]

{6/(3)} 1. d4 e6 2. c4 f5 3. Nc3 Nf6 4. Bg5 Be7 5. e3 d5 6. Bxf6 Bxf6 7. Nf3 c6
8. Bd3 O-O 9. O-O Be7 10. Qc2 Qe8 11. Ne5 Qh5 12. f4 Nd7 13. Qe2 Qxe2 14. Bxe2
Nf6 15. a3 Bd6 16. h3 Ne4 17. Nxe4 fxe4 18. b4 Bxe5 19. fxe5 Bd7 20. Rab1 Rxf1+
21. Bxf1 Kf7 22. Be2 Rc8 23. Rc1 a6 24. c5 a5 25. bxa5 Ra8 26. Rb1 Bc8 27. a6
bxa6 28. Rb6 Bd7 29. Bxa6 Ke7 30. a4 Kd8 31. a5 Kc7 32. Kf2 Bc8 33. Bxc8 Rxc8
34. Rb2 Rb8 35. Ra2 Kb7 36. a6+ Ka7 37. h4 Rb1 38. Kg3 Re1 39. Kf2 Rh1 40. Rb2
Rxh4 41. Rb6 g5 42. Rxc6 Rh6 43. Kg3 Rg6 44. Kg4 Kb8 45. Rb6+ Ka7 46. Rd6 Rh6
47. Rb6 Rh2 48. Kg3 Rh6 49. Rd6 Rg6 50. Kg4 Rh6 51. g3 Rh2 52. Rxe6 Re2 53. Rd6
Rxe3 54. e6 h5+ 55. Kxh5 Rxg3 56. e7 Rh3+ 57. Kxg5 e3 58. e8=Q Rg3+ 59. Kf4 Rg7
60. Rb6 e2 61. Qb8# 1-0

[Event "Lansing (MI Op/6/8)"]
[Site "?"]
[Date "1996.??.??"]
[Round "?"]
[White "Clark, K."]
[Black "Rajlich, Vasik"]
[Result "0-1"]
[WhiteElo "2065"]
[BlackElo "2235"]
[PlyCount "40"]
[EventDate "1996.??.??"]

{6/(8)} 1. d4 Nf6 2. c4 g6 3. Nc3 Bg7 4. e4 d6 5. Bd3 Nc6 6. Nge2 e5 7. d5 Nd4
8. O-O c5 9. Rb1 O-O 10. b4 b6 11. Bg5 h6 12. Bh4 g5 13. Bg3 h5 14. h4 Ng4 15.
hxg5 Qxg5 16. f4 Qh6 17. Qe1 Ne3 18. fxe5 Nxf1 19. Bf4 Qg6 20. exd6 Nf3+ 0-1

[Event "Howell (US Am N/5/7)"]
[Site "?"]
[Date "1996.??.??"]
[Round "?"]
[White "Clark, K."]
[Black "Nicolli, Randy"]
[Result "1-0"]
[WhiteElo "2055"]
[BlackElo "1785"]
[PlyCount "101"]
[EventDate "1996.??.??"]

{5/(7)} 1. d4 f5 2. c4 e6 3. Nc3 Bb4 4. Qc2 Nf6 5. a3 Bxc3+ 6. Qxc3 Ne4 7. Qc2
O-O 8. Nf3 b6 9. e3 Bb7 10. b4 d6 11. Bb2 Nd7 12. Nd2 Ndf6 13. Nxe4 Nxe4 14.
Bd3 Rc8 15. O-O-O c5 16. f3 Nf6 17. dxc5 bxc5 18. bxc5 Rxc5 19. Bd4 Rc8 20. Kb2
Bc6 21. Ka2 Qe8 22. Rb1 Ba4 23. Qb2 Qd7 24. Qb7 Rc7 25. Qa6 e5 26. Bc3 Bc6 27.
Rhd1 Bb7 28. Qa5 Rc5 29. Qxa7 Nd5 30. Rxb7 Nxc3+ 31. Ka1 Qxb7 32. Qxb7 Nxd1 33.
Qd7 Ra5 34. Qxd6 Rfa8 35. Ka2 Rxa3+ 36. Qxa3 Rxa3+ 37. Kxa3 Nxe3 38. Kb4 Kf8
39. Kc5 Ke7 40. Kc6 g6 41. c5 Nxg2 42. Kb7 Nf4 43. c6 Ne6 44. Bc4 Nd8+ 45. Kb6
Nxc6 46. Kxc6 Kf6 47. Kd5 h5 48. h4 e4 49. f4 g5 50. fxg5+ Kg6 51. Ke5 1-0

[Event "Lansing (MI Op/4/7)"]
[Site "?"]
[Date "1996.??.??"]
[Round "?"]
[White "Clark, K."]
[Black "Kamberi, Sonny"]
[Result "0-1"]
[WhiteElo "2065"]
[BlackElo "2305"]
[PlyCount "77"]
[EventDate "1996.??.??"]

{4/(7)} 1. d4 Nf6 2. c4 g6 3. Nc3 Bg7 4. e4 d6 5. Bd3 O-O 6. Nge2 Nc6 7. O-O e5
8. d5 Nd4 9. f3 c5 10. Rb1 Nd7 11. b4 f5 12. Nxd4 exd4 13. Ne2 Ne5 14. Bf4 b6
15. Rb3 fxe4 16. Bxe5 exd3 17. Nxd4 Bxe5 18. Nc6 Qh4 19. Nxe5 dxe5 20. Qxd3
Qd4+ 21. Qe3 Bf5 22. Re1 Rae8 23. Kf2 Qxc4 24. bxc5 Qxc5 25. Qxc5 bxc5 26. Rc1
Rc8 27. Re3 c4 28. Rxe5 Bd3 29. Ke3 Rfe8 30. f4 Kf7 31. Kd4 Red8 32. Rce1 Rd7
33. g4 Rb8 34. Kc5 c3 35. Kd4 Bb1 36. Kxc3 Bxa2 37. d6 Rb3+ 38. Kc2 Rdb7 39.
Re7+ 0-1

[Event "Lansing (MI Op/1b/10)"]
[Site "?"]
[Date "1996.??.??"]
[Round "?"]
[White "Clark, K."]
[Black "Hartwig, Thomas"]
[Result "1/2-1/2"]
[WhiteElo "2065"]
[BlackElo "1870"]
[PlyCount "57"]
[EventDate "1996.??.??"]

1. d4 d5 2. Nf3 Nf6 3. c4 c6 4. Nc3 dxc4 5. a4 Bf5 6. e3 e6 7. Bxc4 Bb4 8. O-O
O-O 9. Qb3 Qe7 10. Ne2 Nbd7 11. Ng3 Bg4 12. Bd2 Bd6 13. Bc3 Nb6 14. Ne5 Nxc4
15. Qxc4 Bh5 16. a5 Bg6 17. a6 Rfc8 18. axb7 Qxb7 19. Ra6 Bxe5 20. dxe5 Nd5 21.
Rfa1 Qb5 22. Qxb5 cxb5 23. Be1 h6 24. e4 Nf4 25. h4 Rc2 26. Bc3 Nd3 27. h5 Bh7
28. Rxa7 Rxa7 29. Rxa7 {[Remainder illegible; 1/2-1/2, 32?]} 1/2-1/2

[Event "Howell (US Am N/1/3)"]
[Site "?"]
[Date "1996.??.??"]
[Round "?"]
[White "Clark, K."]
[Black "Fredenburg, Jeff"]
[Result "1/2-1/2"]
[WhiteElo "2055"]
[BlackElo "1605"]
[PlyCount "115"]
[EventDate "1996.??.??"]

{1/(3)} 1. d4 Nf6 2. c4 c5 3. d5 b5 4. cxb5 a6 5. bxa6 g6 6. Nc3 d6 7. e4 Bxa6
8. Bxa6 Nxa6 9. Nge2 Bg7 10. O-O O-O 11. Rb1 Nd7 12. b3 Qb6 13. Bb2 Rfb8 14.
Na4 Qb7 15. Bxg7 Kxg7 16. Qd2 Nc7 17. Nec3 Nb5 18. Nxb5 Qxb5 19. Nc3 Qb4 20. f4
Nf6 21. Rfe1 c4 22. Qd4 cxb3 23. Qxb4 Rxb4 24. Rxb3 Rxb3 25. axb3 Rb8 26. e5
Nd7 27. exd6 exd6 28. Ne4 Nf6 29. Nxd6 Nxd5 30. Rb1 Nxf4 31. b4 Nd3 32. b5 Nf4
33. b6 Ne6 34. b7 Nc5 35. Rc1 Na6 36. Rc6 Nb4 37. Rc7 Kf6 38. Ne4+ Ke5 39. Re7+
Kd5 40. Nc3+ Kc6 41. Rxf7 Rxb7 42. Rf6+ Kd7 43. Rf7+ Kc6 44. Rf6+ Kd7 45. Rf8
Ke7 46. Rh8 Kf6 47. Ne4+ Kg7 48. Re8 Nd3 49. g3 Rd7 50. h4 h6 51. Kg2 Nb4 52.
g4 Nd5 53. g5 Ne3+ 54. Kh3 Nf5 55. Nf6 Rd3+ 56. Kh2 hxg5 57. hxg5 Rg3 58. Ne4
1/2-1/2

[Event "Howell (US Am N/2/23)"]
[Site "?"]
[Date "1996.??.??"]
[Round "?"]
[White "Clark, K."]
[Black "Avery, Robert W"]
[Result "1-0"]
[WhiteElo "2055"]
[BlackElo "1605"]
[PlyCount "67"]
[EventDate "1996.??.??"]

{2/(23)} 1. d4 d5 2. c4 e6 3. Nc3 Nf6 4. Bg5 Be7 5. Nf3 h6 6. Bh4 Ne4 7. Bxe7
Qxe7 8. e3 O-O 9. Bd3 Nxc3 10. bxc3 b6 11. O-O Ba6 12. cxd5 Bxd3 13. Qxd3 exd5
14. a4 Nd7 15. Rfc1 Rfe8 16. Ra2 Nf6 17. Qb5 a5 18. Rac2 Rec8 19. Ne5 Qd6 20.
c4 dxc4 21. Nxc4 Qd8 22. Qc6 Ne8 23. Ne5 Ra7 24. Qc4 Rb7 25. Nxf7 Qe7 26. Nd6+
Kf8 27. Nxb7 Rb8 28. Qc6 h5 29. h3 h4 30. d5 g6 31. Rc4 g5 32. Rd4 Nd6 33. Nxd6
cxd6 34. Rcc4 1-0

[Event "Lansing (MI Op/3/12)"]
[Site "?"]
[Date "1996.??.??"]
[Round "?"]
[White "Clark, K."]
[Black "Ashton, Jeff"]
[Result "1-0"]
[WhiteElo "2065"]
[BlackElo "1875"]
[PlyCount "69"]
[EventDate "1996.??.??"]

{3/(12)} 1. d4 Nf6 2. c4 c5 3. d5 e5 4. dxe6 fxe6 5. Nc3 Be7 6. Nf3 Nc6 7. e4
d6 8. Be2 O-O 9. Bg5 a6 10. Qd2 Qc7 11. Rd1 Rd8 12. O-O Ne8 13. Qf4 Bxg5 14.
Qxg5 Qe7 15. Qxe7 Nxe7 16. Rd2 e5 17. Rfd1 h6 18. Nxe5 Be6 19. Bg4 Bxg4 20.
Nxg4 b5 21. e5 bxc4 22. exd6 Nf5 23. Ne4 Rab8 24. Ne5 c3 25. Nxc3 Rxd6 26. Ne4
Re6 27. Nd7 Rb5 28. Nexc5 Rc6 29. Nb3 Rc7 30. f4 a5 31. Ndc5 Rbxc5 32. Nxc5
Rxc5 33. Rd5 Rxd5 34. Rxd5 Ne3 35. Re5 1-0